| 000 | 00818nam a22002657i 4500 | ||
|---|---|---|---|
| 003 | URS | ||
| 005 | 20230901011501.0 | ||
| 008 | 160926b xxu||||| |||| 00| 0 eng d | ||
| 020 | _a9710859374 | ||
| 040 |
_erda _cURS _bEnglish |
||
| 050 |
_aHN711.Z4 _b.Sa55 1997 |
||
| 100 |
_aSanchez, Custodiosa A., _eauthor. _92088 |
||
| 245 |
_aContemporary social problems and issues / _cCustodiosa A. Sanchez, Fe B. Agpaoa. |
||
| 250 | _aThird edition. | ||
| 264 | 1 |
_aMandaluyong City : _bNational Book Store, _c©1997. |
|
| 300 |
_axiv, 286 pages ; _c22 cm. |
||
| 336 |
_atext _btxt _2rdacontent |
||
| 337 |
_aunmediated _bn _2rdamedia |
||
| 338 |
_avolume _bnc _2rdacarrier |
||
| 500 | _aIncludes index. | ||
| 650 | _aSosial problems. | ||
| 650 | _aSociology. | ||
| 700 |
_aAgpaoa, Fe B., _95771 _eauthor. |
||
| 942 |
_2lcc _cF |
||
| 999 |
_c10198 _d10198 |
||